banner-ar

The Cambridge Guide to the Arts in Britian Since the Second World War. / (Record no. 17580)

MARC details
000 -الفاتح
حقل البيانات ثابتة الطول 00448nam a2200157Ia 4500
008 - عناصر البيانات ثابتة الطول - معلومات عامة
حقل البيانات ثابتة الطول 140319s9999 xx 000 0 eng d
040 ## - مصدر الفهرسة
وكالة الفهرسة الأصلية GCL /
وكالة النسخ GCL
082 04 - رقم تصنيف ديوى العشرى
رقم التصنيف 700.942
رقم المادة F C
100 1# - المدخل الرئيسى - إسم شخصى
الإسم الشخصى FARD, BARIS
245 10 - بيان العنوان
العنوان The Cambridge Guide to the Arts in Britian Since the Second World War. /
بيان المسئوليه,etc FARD, BARIS
260 ## - PUBLICATION, DISTRIBUTION, ETC. (IMPRINT)
تاريخ النشر أو التوزيع 1988
300 ## - الوصف المادى
التعداد 369
650 04 - المدخل الاضافى بالموضوع-مصطلح موضوعى
مصطلح موضوعي ART, ENGLAND
942 ## - عناصر المدخل الإضافي( كوها)
مصدر التصنيف او مخطط الترفيف Dewey Decimal Classification
Koha [default] item type كتاب
260 ## - PUBLICATION, DISTRIBUTION, ETC. (IMPRINT)
-- [S.N] :
-- COMBRIDGE UNIVERSITY PRESS ،
Holdings
حالة التراجع حالة الفقد حالة تلف ليس للاعارة المكان المؤقت الموقع الحالى تاريخ الاكتساب اجمالي اﻻعارات رقم الطلب الباركود تاريخ اخر مشاهدة تاريخ تفعيل السعر نوع وعاء كوها
        مكتبة القاهرة الكبرى مكتبة القاهرة الكبرى 03/26/2014   700.942\F C 31778 03/26/2014 03/26/2014 كتاب
        مكتبة القاهرة الكبرى مكتبة القاهرة الكبرى 03/26/2014   700.942\F C 31779 03/26/2014 03/26/2014 كتاب

Powered By

EGPV